Statistics for South Park Characters

Click here to take the quiz!

General Stats

  • This quiz has been taken 316 times
  • The average score is 12 of 15

Answer Stats

HintAnswer% Correct
M'kayMr. Mackey
96%
Has no dadCartman
93%
Muffled voiceKenny
93%
Has a canadian little brotherKyle
92%
Tolkiens GirlNichole
92%
Wendys manStan
89%
"Cool" girlBebe
88%
Most mature kindergartenerIke
88%
Said a slur on the televisionRandy Marsh
86%
CrazyTweek
82%
Makes TikToks with KyleTolkien
81%
Girlfriend of ^Wendy
80%
Tweeks friendCraig
79%
Bestfriend of ^Timmy
54%
Walter Jrs twinJimmy
42%

Score Distribution

Percentile by Number Answered

Percent of People with Each Score

Your Score History

You have not taken this quiz